| 000 | 00637nam a2200181 a 4500 | ||
|---|---|---|---|
| 005 | 20240419064024.0 | ||
| 008 | 020607s1996 mx r 000 0 spa d | ||
| 035 | _aUPN01000117785 | ||
| 049 | _aCG | ||
| 050 | 4 |
_aHD8114 _bR3.2 |
|
| 100 | 1 | _aRabelo Ruiz de la Peña, Ignacio | |
| 245 | 1 | 0 |
_aBosquejo histórico del movimiento obrero : _bfuentes documentales para el estudio del movimiento obrero en Tabasco / _cIgnacio Rabelo Ruiz de la Peña. |
| 260 |
_aVillahermosa : _bUJAT, _c1996. |
||
| 300 | _a192 p. | ||
| 650 | 4 |
_aTrabajo y trabajadores _zMéxico _xHistoria _910850 |
|
| 650 | 4 |
_aTRABAJO Y TRABAJADORES - _zTABASCO |
|
| 905 | _aLibro | ||
| 999 |
_c90227 _d90227 |
||